| 000 | 00672nam a2200217 4500 | ||
|---|---|---|---|
| 001 | 122684 | ||
| 003 | ES-MaACL | ||
| 005 | 20230906192026.0 | ||
| 007 | t| | ||
| 008 | 070214s1964 sp r ||||1| cat d | ||
| 245 | 0 | 0 |
_aProblemes actuals del laborisme / _cR. A. S. Crossman... [et al.] ; traductors Isidre Molas i Lluis Avilés. |
| 260 |
_aHospitalet [Barcelona] : _bNova Terra, _c1964. |
||
| 300 |
_a273 p. ; _c17 cm. |
||
| 490 | 1 |
_aSintesi ; _v4 |
|
| 700 | 1 |
_aCrossman, R. A. S. _941726 |
|
| 700 | 1 |
_aMolas, Isidre. _981844 |
|
| 700 | 1 |
_aAvilés, Luis. _924064 |
|
| 830 | 0 |
_aSintesi ; _v4 _9181167 |
|
| 852 |
_aES-MaACL _jC-25658 _bR.54115 |
||
| 999 |
_c122684 _d122684 |
||